| 000 | 00706nam a2200241Ia 4500 | ||
|---|---|---|---|
| 001 | dia_1141 | ||
| 003 | CHAP | ||
| 005 | 20230126102131.0 | ||
| 008 | 220117s9999 xx 000 0 und d | ||
| 010 | _a171687 | ||
| 040 | _cCHAP | ||
| 082 | _a380.141 A53 | ||
| 090 | _a380.141 A53 | ||
| 100 |
_aAlexander, Medford _93827 |
||
| 245 |
_aPolítica de Inversión para Proyectos de Mercado Agricola / _c por Alexander Medford y José Soto Angli |
||
| 264 | _c1973 | ||
| 300 | _a129P | ||
| 440 |
_aMonografía Sobre Desarrollo del Sector Agropecuario _977552 |
||
| 901 | _a380.141 A53 | ||
| 902 | _aM | ||
| 905 | _a0000001973 MEX 0000000000ESP00 | ||
| 942 |
_cLIBRO _2ddc |
||
| 999 |
_c171687 _d171687 |
||